00778cam a22002411 4500001001300000003000400013005001700017008004100034010001700075025001900092040001800111043001200129050001500141082001500156110003500171245002300206260008300229300005500312350000900367500011000376650003300486999001700519sa 68001460 DLC20260227112433.0710903s1966 ii ab 000 0 eng  asa 68001460  aPL480:I-E-9350 aDLCcDLCdDLC aa-ii---00aTT103b.A500a745.5/09541 aIndia.bDepartment of Tourism.10aShopping in India. a[Delhi,bPublications Division, Ministry of Information & Broadcasting,c1966] a99 p.billus. (part col.), col. maps.c21 x 25 cm. aRs25 a"Issued on behalf of Department of Tourism, Ministry of Transport & Communications, Government of India." 0aShoppingzIndiaxGuidebooks. c77965d77965